Television at large in South Asia / (Record no. 79403)

MARC details
000 -LEADER
fixed length control field 00710nam a22002177a 4500
005 - DATE AND TIME OF LATEST TRANSACTION
control field 20140218125431.0
010 ## - LCCN (DPL NO)
LC control number ENG-108546
020 ## - INTERNATIONAL STANDARD BOOK NUMBER
International Standard Book Number 9788189643355
Terms of availability 795.00
035 ## - SYSTEM CONTROL NUMBER
System control number EN-92079
037 ## - SOURCE OF ACQUISITION
Source of stock number/acquisition DBAD/PUB
082 ## - DEWEY DECIMAL CLASSIFICATION NUMBER
Classification number 302.23450954
245 ## - TITLE STATEMENT
Title Television at large in South Asia /
Statement of responsibility, etc edited by Aswin Punathambekar [and] Shanti Kumar
260 ## - PUBLICATION, DISTRIBUTION, ETC. (IMPRINT)
Place of publication, distribution, etc New Delhi
Name of publisher, distributor, etc Routledge
Date of publication, distribution, etc 2013
270 ## - ADDRESS
Address 912 Tolstoy House, 15-17 Tolostoy Marg, Connaught Place
City New Delhi
Postal code 110001
300 ## - PHYSICAL DESCRIPTION
Extent vi, 269p.
Dimensions 22cm (Hb)
490 ## - SERIES STATEMENT
Series statement South Asian history & culture
500 ## - GENERAL NOTE
General note Includes index
700 ## - ADDED ENTRY--PERSONAL NAME
Personal name Punathambekar, Aswin
700 ## - ADDED ENTRY--PERSONAL NAME
Personal name Shanti Kumar
942 ## - ADDED ENTRY ELEMENTS (KOHA)
Source of classification or shelving scheme Dewey Decimal Classification
Item type English Books
Call number suffix TEL
Classification part 302.23450954
Holdings
Withdrawn status Lost status Not for loan Collection code Home library Current library Date acquired Source of acquisition Cost, normal purchase price Full call number Barcode Copy number Cost, replacement price Koha item type
    Not For Loan Non-fiction D.B.Act.Division D.B.Act.Division 16/09/2013 DBAD/PUB 795.00 302.23450954 TEL EN-92079 1 795.00 English Books

© Delhi Public Library
Hit Counter
free hit counter